Catálogo - Centro de Recursos para el Aprendizaje y la Investigación

Volver al Sitio - CRAI Biblioteca

Les nuoveaux cahiers du conseil constitutionnel (Registro nro. 114414)

Detalles MARC
000 -CABECERA
campo de control de longitud fija 01411nas a2200301 4500
001 - NÚMERO DE CONTROL
campo de control 114414
003 - IDENTIFICADOR DEL NÚMERO DE CONTROL
campo de control DR-UNIBE
005 - FECHA Y HORA DE LA ÚLTIMA TRANSACCIÓN
campo de control 20260514093943.0
008 - DATOS DE LONGITUD FIJA--INFORMACIÓN GENERAL
campo de control de longitud fija 260304b2010 fr ||||| |||| 00| 0 fre d
022 ## - NÚMERO INTERNACIONAL NORMALIZADO PARA PUBLICACIONES SERIADAS
Número Internacional Normalizado para Publicaciones Seriadas 2112-2679
040 ## - FUENTE DE LA CATALOGACIÓN
Centro catalogador/agencia de origen Biblioteca UNIBE
Centro/agencia transcriptor Biblioteca UNIBE
041 ## - CÓDIGO DE LENGUA
Código de lengua del texto/banda sonora o título independiente fre
082 ## - NÚMERO DE LA CLASIFICACIÓN DECIMAL DEWEY
Número de edición 22
Número de clasificación PP 342.44 F817n
110 1# - ENTRADA PRINCIPAL--NOMBRE DE ENTIDAD CORPORATIVA
Nombre de entidad corporativa o nombre de jurisdicción como elemento de entrada Francia.
Unidad subordinada Consejo Constitucional
9 (RLIN) 202937
Término indicativo de función/relación autor
245 14 - MENCIÓN DE TÍTULO
Título Les nuoveaux cahiers du conseil constitutionnel
260 ## - PUBLICACIÓN, DISTRIBUCIÓN, ETC.
Lugar de publicación, distribución, etc. París :
Nombre del editor, distribuidor, etc. Éditions Dalloz :
-- Conseil Constitutionnel,
Fecha de publicación, distribución, etc. 2010
300 ## - DESCRIPCIÓN FÍSICA
Extensión volúmenes ;
Dimensiones 24 cm
310 ## - PERIODICIDAD ACTUAL
Periodicidad actual Trimestral
362 ## - FECHAS DE PUBLICACIÓN Y/O DESIGNACIÓN SECUENCIAL
Fecha de publicación y/o designación secuencial Número 29 (abril-junio 2010) - número 31 (octubre-diciembre 2010) - número 32 (enero-marzo 2011)
500 ## - NOTA GENERAL
Nota general Es continuación de: Les Cahiers du Conseil Constitutionnel
520 3# - SUMARIO, ETC.
Sumario, etc. Publicación destinada a magistrados administrativos y judiciales, abogados, así como académicos y que trata toda la actividad del Consejo Constitucional, en particular la de la cuestión prioritaria de constitucionalidad (QPC).
610 ## - PUNTO DE ACCESO ADICIONAL DE MATERIA--NOMBRE DE ENTIDAD CORPORATIVA
Nombre de entidad corporativa o nombre de jurisdicción como elemento de entrada Francia.
Unidad subordinada Consejo Constitucional
9 (RLIN) 202937
650 #7 - PUNTO DE ACCESO ADICIONAL DE MATERIA--TÉRMINO DE MATERIA
Fuente del encabezamiento o término lemb
Término de materia o nombre geográfico como elemento de entrada Derecho constitucional
651 #7 - PUNTO DE ACCESO ADICIONAL DE MATERIA--NOMBRE GEOGRÁFICO
Fuente del encabezamiento o término lemb
Nombre geográfico Francia
Subdivisión geográfica Derecho constitucional
9 (RLIN) 202938
655 #7 - TÉRMINO DE INDIZACIÓN--GÉNERO/FORMA
Fuente del término lemb
Datos o término principal de género/forma Publicaciones periódicas
856 ## - LOCALIZACIÓN Y ACCESO ELECTRÓNICOS
Identificador Uniforme del Recurso <a href="https://www.conseil-constitutionnel.fr/rubrique-principale/nouveaux-cahiers-du-conseil-constitutionnel">https://www.conseil-constitutionnel.fr/rubrique-principale/nouveaux-cahiers-du-conseil-constitutionnel</a>
Texto de enlace Versión electrónica de la revista
942 ## - ELEMENTOS DE PUNTO DE ACCESO ADICIONAL (KOHA)
Fuente del sistema de clasificación o colocación Sistema de Clasificación Decimal Dewey
Tipo de ítem Koha Revista
Existencias
Estado de retiro Estado de pérdida Fuente del sistema de clasificación o colocación Estado dañado No para préstamo Código de colección Localización permanente Ubicación/localización actual Fecha de adquisición Enumeración/cronología de publicación seriada Total de préstamos Signatura topográfica completa Código de barras Fecha visto por última vez Número de copia Precio válido a partir de Tipo de ítem Koha
  Disponible Sistema de Clasificación Decimal Dewey     Hemeroteca Biblioteca Central UNIBE Biblioteca Central UNIBE 04/03/2026 Número 29 (abril-junio 2010)   PP 342.44 F817n R260009 04/03/2026 Ej. 1 04/03/2026 Revista
  Disponible Sistema de Clasificación Decimal Dewey     Hemeroteca Biblioteca Central UNIBE Biblioteca Central UNIBE 04/03/2026 Número 32 (enero-marzo 2011)   PP 342.44 F817n R260010 04/03/2026 Ej. 1 04/03/2026 Revista
  Disponible Sistema de Clasificación Decimal Dewey     Hemeroteca Biblioteca Central UNIBE Biblioteca Central UNIBE 14/05/2026 Número 31 (octubre-diciembre 2010)   PP 342.44 F817n R260050 14/05/2026 Ej. 1 14/05/2026 Revista